Marvel Characters - Sudden Death - Statistics

General Stats
  • This quiz has been taken 363 times
  • The average score is 17 of 22
Answers on the Grid
Answers color-coded by a green-red scale on the quiz's grid according to % correct below.
Hulk
Captain America
Robin
Green Lantern
Black Widow
The Flash
Ultron
Shazam
Loki
Cyclops
Deadpool
Spider-Man
Superman
Rocket
Aquaman
Professor X
Ant-Man
Iron Man
Wonder Woman
Doctor Fate
Wolverine
Plastic Man
Thanos
Doctor Strange
Thor
Drax
Blue Beetle
Batman
Star-Lord
Booster Gold
Groot
Deathstroke
Gamora
Hawkman
Hawkeye
Vision
 
Answer Stats
Answer % Correct
Hulk
99%
Captain America
90%
Black Widow
85%
Loki
80%
Spider-Man
80%
Ant-Man
78%
Iron Man
78%
Ultron
78%
Deadpool
77%
Thor
77%
Doctor Strange
75%
Thanos
75%
Groot
73%
Rocket
73%
Wolverine
72%
Hawkeye
71%
Star-Lord
71%
Gamora
70%
Vision
70%
Drax
68%
Professor X
66%
Cyclops
61%
No matching quizzes found
Score Distribution
Percent of People with Each Score
Percentile by Number Answered
Your Score History
You have not taken this quiz